Plant genetic resources and food security : (Record no. 11584)

000 -LEADER
fixed length control field 01193cam a2200289 a 4500
020 ## - INTERNATIONAL STANDARD BOOK NUMBER
ISBN 9781849712064 (pbk.)
020 ## - INTERNATIONAL STANDARD BOOK NUMBER
ISBN 9789251064825 (pbk.)
020 ## - INTERNATIONAL STANDARD BOOK NUMBER
ISBN 9781849712057 (hardback)
020 ## - INTERNATIONAL STANDARD BOOK NUMBER
ISBN 9789251064825 (FAO isbn)
040 ## - CATALOGING SOURCE
Transcribing agency DLC
082 00 - DEWEY DECIMAL CLASSIFICATION NUMBER
Classification number 338 FAO 2011 A015 Or.
245 00 - TITLE STATEMENT
Title Plant genetic resources and food security :
Remainder of title stakeholder perspectives on the international treaty on plant genetic resources for food and agriculture /
246 30 - VARYING FORM OF TITLE
Title proper/short title Stakeholder perspectives on the international treaty on plant genetic resources for food and agriculture
260 ## - PUBLICATION, DISTRIBUTION, ETC. (IMPRINT)
Place of publication London ;
-- New York :
Name of publisher Earthscan :
-- FAO :
-- Biodiversity International,
Year of publication 2011.
300 ## - PHYSICAL DESCRIPTION
Number of Pages xxxii, 321 p. :
Other physical details ill., 1 map ;
Dimensions 24 cm.
490 0# - SERIES STATEMENT
Series statement Issues in agricultural biodiversity
500 ## - GENERAL NOTE
General note "Published by The Food and Agriculture Organization of the United Nations and Biodiversity International with Earthscan."
650 #0 - SUBJECT ADDED ENTRY--TOPICAL TERM
Topical Term Germplasm resources, Plant.
650 #0 - SUBJECT ADDED ENTRY--TOPICAL TERM
Topical Term Crops
650 #0 - SUBJECT ADDED ENTRY--TOPICAL TERM
Topical Term Food crops
650 #0 - SUBJECT ADDED ENTRY--TOPICAL TERM
Topical Term Plant genetic engineering.
650 #0 - SUBJECT ADDED ENTRY--TOPICAL TERM
Topical Term Food security.
700 1# - ADDED ENTRY--PERSONAL NAME
Personal name Frison, Christine.
700 1# - ADDED ENTRY--PERSONAL NAME
Personal name López, Francisco.
700 1# - ADDED ENTRY--PERSONAL NAME
Personal name Esquinas-Alcazar, J. T.
942 ## - ADDED ENTRY ELEMENTS (KOHA)
Koha item type សៀវភៅភាសាអង់គ្លេស
952 ## - LOCATION AND ITEM INFORMATION (KOHA)
Withdrawn status [LOCAL, KOHA] 0
Holdings
Permanent Location Date acquired Koha item type Lost status Shelving location Barcode Current Location Full call number
Library Block A2017-08-03សៀវភៅភាសាអង់គ្លេស A015RUA060383Library Block A338 FAO 2011 A015 Or.
មជ្ឈមណ្ឌលឯការនៃសាកលវិទ្យាល័យភូមិន្ទកសិកម្មចំការដូង

Powered by Koha